Central Library OPAC University of Rajshahi

Clinical psychology of children's behavior problems / (Record no. 29784)

MARC details
000 -LEADER
fixed length control field 01175cam a2200337I 4500
001 - CONTROL NUMBER
control field 29784
003 - CONTROL NUMBER IDENTIFIER
rucl marc code BD-RjUL
005 - DATE AND TIME OF LATEST TRANSACTION
control field 20211209051447.0
008 - FIXED-LENGTH DATA ELEMENTS--GENERAL INFORMATION
fixed length control field 140407t1947 nyuaff b 001 0 eng d
035 ## - SYSTEM CONTROL NUMBER
System control number (OCoLC)ocm00761856
System control number (BD-RjUL)29869
040 ## - CATALOGING SOURCE
Original cataloging agency DLC
Transcribing agency CSU
Modifying agency SER
-- UBA
-- OCLCQ
-- ZCU
-- BD-RjUL
Language of cataloging eng
041 ## - LANGUAGE CODE
Language code of text/sound track or separate title eng
082 04 - DEWEY DECIMAL CLASSIFICATION NUMBER
Classification number 132
Author mark and year LOC 1947
099 ## - LOCAL FREE-TEXT CALL NUMBER (OCLC)
Bangla Class number 616.82
-- L89a
100 1# - MAIN ENTRY--PERSONAL NAME
Personal name Louttit, C. M.
Fuller form of name (Chauncey McKinley),
Dates associated with a name 1901-1956.
9 (RLIN) 90673
245 10 - TITLE STATEMENT
Title Clinical psychology of children's behavior problems /
Statement of responsibility, etc. by C.M. Louttit ...
250 ## - EDITION STATEMENT
Edition statement Rev. ed.
260 ## - PUBLICATION, DISTRIBUTION, ETC. (IMPRINT)
Place of publication, distribution, etc. New York ;
-- London :
Name of publisher, distributor, etc. Harper & Brothers,
Date of publication, distribution, etc. c1947.
300 ## - PHYSICAL DESCRIPTION
Pagination xviii, 661 p. :
Illustrations ill. ;
Size 21 cm.
500 ## - GENERAL NOTE
General note "Under the editorship of Gardner Murphy."
General note First edition has title: Clinical psychology; a handbook of children's behavior problems.
504 ## - BIBLIOGRAPHY, ETC. NOTE
Bibliography, etc includes index.
650 #0 - SUBJECT ADDED ENTRY--TOPICAL TERM
Topical term or geographic name as entry element Exceptional children.
9 (RLIN) 16763
Topical term or geographic name as entry element Clinical psychology.
9 (RLIN) 90674
Topical term or geographic name as entry element Disturbios Do Comportamento.
Source of heading or term larpcal
9 (RLIN) 90675
700 1# - ADDED ENTRY--PERSONAL NAME
Personal name Murphy, Gardner,
Dates associated with a name 1895-1979,
Relator term editor.
942 ## - ADDED ENTRY ELEMENTS (KOHA)
Source of classification or shelving scheme Dewey Decimal Classification
Koha item type Books
Holdings
Lost status Source of classification or shelving scheme Damaged status Not for loan Collection code Permanent Location Current Location Shelving location Date acquired Source of acquisition Total Checkouts Full call number Date last seen Copy number Koha item type
  Dewey Decimal Classification     Non-fiction Central Library, University of Rajshahi Central Library, University of Rajshahi Reading Room 30/06/1961 asia foundation   132 LOC 1947 07/04/2014 C-1 Books